Missing Word: Books Beginning with 'Q', 'X', 'Y' & 'Z' Quiz Stats

 Plays Quiz Updated Jun 16, 2015

Challenge
Share
Tweet
Embed
Score 0/20 Timer 04:00
0 Plays Today
BOOKS ANSWER % Correct
You Only Live ____Twice
95%
The Year of ____ DangerouslyLiving
92.4%
You Belong To ____Me
91.8%
Yertle the ____Turtle
90.7%
Zorba the ____Greek
87.9%
The Quick and the ____Dead
83.8%
The Zombie Survival ____Guide
77%
Zen and the ____ of Motorcycle MaintenanceArt
71.1%
Yes ____Man
66.6%
The Queen of the ____Damned
56.8%
BOOKS ANSWER % Correct
The Quiet ____American
47.1%
Xerxes Invades ____Greece
37.8%
The Year of ____ ThinkingMagical
20.3%
The Zoo ____Story
18%
The Queen of ____Spades
16.5%
The Yellow ____Wallpaper
15%
The Yiddish Policemen's ____Union
14.6%
The Zap ____Gun
11.2%
The Year of the ____Flood
10%
Zen ____Shorts
7.1%

Today's Daily Dose

Missing Word
Entertainment 'M'

Word Ladder
North Carolina

On This Day
January 16th II

You're not logged in!

Compare scores with friends on all Sporcle quizzes.
OR
Log In

You Might Also Like...

Show Comments

Extras

Top Quizzes Today


Score Distribution

Your Account Isn't Verified!

In order to create a playlist on Sporcle, you need to verify the email address you used during registration. Go to your Sporcle Settings to finish the process.

Report this User

Report this user for behavior that violates our Community Guidelines.

Details: